Unpublished scientific papers of Isaac Newton : (Record no. 6903)
[ view plain ]
| 000 -LEADER | |
|---|---|
| fixed length control field | 01925cam a22003011 4500 |
| 001 - CONTROL NUMBER | |
| control field | 6903 |
| 003 - CONTROL NUMBER IDENTIFIER | |
| rucl marc code | BD-RjUL |
| 005 - DATE AND TIME OF LATEST TRANSACTION | |
| control field | 20211208234333.0 |
| 008 - FIXED-LENGTH DATA ELEMENTS--GENERAL INFORMATION | |
| fixed length control field | 140112s1962 enkacf b 001 0 eng |
| 035 ## - SYSTEM CONTROL NUMBER | |
| System control number | (BD-RjUL)6945 |
| System control number | (OCoLC)774416 |
| 040 ## - CATALOGING SOURCE | |
| Original cataloging agency | DLC |
| Transcribing agency | OWibfC |
| Modifying agency | OCoLC |
| -- | Uk |
| -- | PBfG |
| -- | DLC |
| -- | BD-RjUL |
| Language of cataloging | eng |
| 041 1# - LANGUAGE CODE | |
| Language code of text/sound track or separate title | engund |
| 082 00 - DEWEY DECIMAL CLASSIFICATION NUMBER | |
| Classification number | 508 |
| Author mark and year | NEU 1962 |
| 100 1# - MAIN ENTRY--PERSONAL NAME | |
| Personal name | Newton, Isaac, |
| Dates associated with a name | 1642-1727. |
| 9 (RLIN) | 21665 |
| 245 10 - TITLE STATEMENT | |
| Title | Unpublished scientific papers of Isaac Newton : |
| Remainder of title | a selection from the Portsmouth collection in the University Library, Cambridge / |
| Statement of responsibility, etc. | Chosen, edited, and translated by A. Rupert Hall and Marie Boas Hall. |
| 260 ## - PUBLICATION, DISTRIBUTION, ETC. (IMPRINT) | |
| Place of publication, distribution, etc. | Cambridge [Eng.] : |
| Name of publisher, distributor, etc. | University Press, |
| Date of publication, distribution, etc. | 1962. |
| 300 ## - PHYSICAL DESCRIPTION | |
| Pagination | xx, [1], 415 p. : |
| Illustrations | 5 plates (incl. port.) diagrs. ; |
| Size | 24 cm. |
| 500 ## - GENERAL NOTE | |
| General note | Includes index. |
| 504 ## - BIBLIOGRAPHY, ETC. NOTE | |
| Bibliography, etc | Bibliography: p. xvii. "Bibliography of works relating to Newton's manuscripts": p. xix-[xxi] |
| 505 0# - FORMATTED CONTENTS NOTE | |
| Formatted contents note | Mathematics. To resolve problems by motion -- Calculations of centripetal forces -- Mechanics. De gravitatione et aequipondio fluidorum -- The lawes of motion -- The elements of mechanicks -- Gravia in trochoide descendentia -- Theory of matter. De aere et aethere -- Manuscripts related to the Principia. Early drafts of propositions in mechanics -- On motion in ellipses -- Partial draft of the preface -- Fragment on the law of inertia -- Draft addition to book III, proposition VI, corollaries 4 and 5 -- Atmosphaera solis -- Conclusion -- Scholium generale -- Education. Of educating youth in the universities --Cosmography -- Phaenomena -- Astronomia -- Astronomy, geography, navigation, &c. -- Notes. Annotations and comments upon Hooke's Micrographia. |
| 650 #0 - SUBJECT ADDED ENTRY--TOPICAL TERM | |
| Topical term or geographic name as entry element | Science. |
| 9 (RLIN) | 21666 |
| 700 1# - ADDED ENTRY--PERSONAL NAME | |
| Personal name | Hall, A. Rupert |
| Fuller form of name | (Alfred Rupert), |
| Dates associated with a name | 1920-2009, |
| Relator term | ed. and tr. |
| Personal name | Hall, Marie Boas, |
| Dates associated with a name | 1919- |
| Relator term | ed. and tr. |
| 942 ## - ADDED ENTRY ELEMENTS (KOHA) | |
| Source of classification or shelving scheme | Dewey Decimal Classification |
| Koha item type | Books |
| Lost status | Source of classification or shelving scheme | Damaged status | Not for loan | Collection code | Permanent Location | Current Location | Shelving location | Date acquired | Source of acquisition | Cost, normal purchase price | Total Checkouts | Full call number | Date last seen | Copy number | Koha item type |
|---|---|---|---|---|---|---|---|---|---|---|---|---|---|---|---|
| Dewey Decimal Classification | Not For Loan | Non-fiction | Central Library, University of Rajshahi | Central Library, University of Rajshahi | 03/11/1969 | Zeitlinger | 0.63 | 508 NEU 1962 | 12/01/2014 | C-1 | Books |